| 000 | 00396 a2200133 4500 | ||
|---|---|---|---|
| 001 | ART_46787 | ||
| 005 | 20260410162000.0 | ||
| 008 | 260409a | ||
| 245 | 1 | 0 | _aEl manejo alemán de la crisis europea |
| 100 | 1 | _aTaccetti, Victorio | |
| 700 | 1 | _aAzpiazu, Luis Alfredo | |
| 700 | 1 | _aFuhr, Luis | |
| 773 | 0 |
_tArchivos del presente _g- Año 16, Nº 57/58 (ene. 2012) _wREV28180 |
|
| 999 |
_c31173 _d31173 |
||